Statistiques concernant Villes d’outre-mer - Click quiz

Cliquez ici pour prendre le quiz!

Statistiques générales

  • Ce quiz a été pris 38 fois
  • Le résultat moyen est 9 sur 11

Statistiques - réponses

HintRéponse% Correct
Saint-DenisLa Réunion
97%
NouméaNouvelle-Calédonie
94%
CayenneGuyane
90%
Fort-de-FranceMartinique
87%
PapeetePolynésie française
87%
Mata UtuWallis-et-Futuna
87%
MamoudzouMayotte
84%
Miquelon-LangladeSaint-Pierre-et-Miquelon
84%
Pointe-à-PitreGuadeloupe
81%
GustaviaSaint-Barthélemy
55%
MarigotSaint-Martin
52%

Distribution des résultats

Percentile par nombre de réponses

% des personnes avec chaque résultat

Votre développement - résultats

Vous n’avez pas pris ce quiz